Statistics for Trace the coastline of Afro-Eurasia

Click here to take the quiz!

General Stats

  • This quiz has been taken 84 times
    (78 since last reset)
  • The average score is 44 of 90

Answer Stats

Answer% Correct
China
98%
North Korea
86%
South Korea
86%
North Korea
81%
Russia
81%
Norway
76%
Estonia
75%
Finland
75%
Latvia
75%
Lithuania
75%
Russia
75%
Sweden
75%
Belgium
73%
Denmark
73%
France
73%
Germany
73%
Germany
73%
Netherlands
73%
Poland
73%
Portugal
73%
Russia
73%
Spain
73%
Spain
73%
France
71%
Italy
71%
Bosnia and Herzegovina
70%
Croatia
70%
Slovenia
70%
Greece
68%
Montenegro
68%
Turkey
67%
Albania
65%
Syria
63%
Egypt
62%
Israel
62%
Lebanon
62%
Algeria
59%
Mauritania
59%
Libya
59%
Morocco
59%
Tunisia
59%
Senegal
57%
Gambia
56%
Senegal
56%
Guinea Bissau
52%
Guinea
51%
Benin
48%
Ghana
48%
Ivory Coast
48%
Liberia
48%
Sierra Leone
48%
Togo
48%
Cameroon
46%
Nigeria
46%
Equatorial Guinea
43%
Gabon
41%
R.Congo
41%
D.R. Congo
40%
Angola
38%
Kenya
37%
Mozambique
37%
Namibia
37%
South Africa
37%
Tanzania
37%
Somalia
35%
Djibouti
33%
Eritrea
33%
Sudan
30%
Egypt
27%
Saudi Arabia
25%
Israel
14%
United Arab Emirates
14%
Bangladesh
13%
India
13%
Iran
13%
Iraq
13%
Kuwait
13%
Myanmar
13%
Oman
13%
Pakistan
13%
Qatar
13%
Saudi Arabia
13%
Thailand
13%
Yemen
11%
Cambodia
10%
China
10%
Jordan
10%
Malaysia
10%
Thailand
10%
Vietnam
10%

Score Distribution

Percentile by Number Answered

Percent of People with Each Score

Your Score History

You have not taken this quiz since the last reset